书目信息 |
| 题名: |
大自然的猎人
|
|
| 作者: | 威尔逊 著 ;杨玉龄 译 | |
| 分册: | ||
| 出版信息: | 上海 上海科学技术出版社 2000.06 |
|
| 页数: | 17, 401页 | |
| 开本: | 20cm | |
| 丛书名: | View·新视角书系 | |
| 单 册: | ||
| 中图分类: | K837.12 | |
| 科图分类: | ||
| 主题词: | ||
| 电子资源: | ||
| ISBN: | 7-5323-5303-6 | |
| 000 | 01372nam 2200313 450 | |
| 001 | 012008772152 | |
| 005 | 20080317153037.29 | |
| 010 | @a7-5323-5303-6@dCNY25.80 | |
| 100 | @a20080317d2000 km y0chiy0120 ea | |
| 101 | 1 | @achi@ceng |
| 102 | @aCN@b310000 | |
| 105 | @aa z 000ya | |
| 106 | @ar | |
| 200 | 1 | @a大自然的猎人@Ada zi ran de lie ren@e生物学家威尔逊自传@f(美) 爱德华·威尔逊著@F(mei)ai de hua·wei er xun zhu@g杨玉龄译@Gyang yu ling yi |
| 210 | @a上海@c上海科学技术出版社@d2000.06 | |
| 215 | @a17, 401页@c图@d20cm | |
| 225 | 2 | @aView·新视角书系@AView·xin shi jiao shu xi |
| 312 | @a英文题名取自封面 | |
| 314 | @a爱德华·威尔逊(Edward O.Wilson,1929~),美国阿拉巴马州伯明翰人。哈佛大学昆虫学研究员,美国国家科学院院士。著有《论人性》、《蚂蚁》。 | |
| 330 | @a本书介绍了当代生物学巨擘,社会生物学前锋,蚂蚁之父E.O.威尔逊充满传奇的一生。在这本充满智慧的传记里,威尔逊将有关生命过程、结构的微言,成功调和到大自然广阔视野的大义中。 | |
| 410 | 0 | @12001 @aView·新视角书系 |
| 510 | 1 | @aNaturalist@zeng |
| 517 | 1 | @a生物学家威尔逊自传@Asheng wu xue jia wei er xun zi zhuan |
| 600 | 1 | @a威尔逊@Awei er xun@c(Wilson, Edward O.),@f1929-@x传记 |
| 690 | @aK837.12@v4 | |
| 701 | 1 | @a威尔逊@Awei er xun@g(Wilson, Edward O.),@f1929-@4著 |
| 702 | 0 | @a杨玉龄@Ayang yu ling@4译 |
| 801 | 0 | @aCN@bQSSK@c20080317 |
| 905 | @b20286809-11@dK837.12@eW497@f3 | |
| 大自然的猎人:生物学家威尔逊自传/(美) 爱德华·威尔逊著/杨玉龄译.-上海:上海科学技术出版社,2000.06 |
| 17, 401页:图;20cm.-(View·新视角书系) |
| ISBN 7-5323-5303-6:CNY25.80 |
| 本书介绍了当代生物学巨擘,社会生物学前锋,蚂蚁之父E.O.威尔逊充满传奇的一生。在这本充满智慧的传记里,威尔逊将有关生命过程、结构的微言,成功调和到大自然广阔视野的大义中。 |
| ● |
| 相关链接 |
|
|
|
正题名:大自然的猎人
索取号:K837.12/W497
 
预约/预借
| 序号 | 登录号 | 条形码 | 馆藏地/架位号 | 状态 | 备注 |
| 1 | 286809 | 202868094 | 社科库309/309社科库 3排1列2层/ [索取号:K837.12/W497] | 在馆 | |
| 2 | 286810 | 202868101 | 社科库309/309社科库 3排1列2层/ [索取号:K837.12/W497] | 在馆 | |
| 3 | 286811 | 202868110 | 社科库309/309社科库 3排1列2层/ [索取号:K837.12/W497] | 在馆 |